All 10k + Towns in Cambridgeshire - Statistics

General Stats
  • This quiz has been taken 28 times
  • The average score is 7 of 12
Answer Stats
Hint Population Town % Correct
C 152,725 Cambridge
100%
P 190,584 Peterborough
95%
E 19,189 Ely
73%
H 25,600 Huntingdon
68%
M 21,354 March
68%
W 26,785 Wisbech
64%
S 10,613 Soham
59%
S 16,815 St Ives
55%
S 33,261 St Neots
55%
C 11,011 Chatteris
45%
C 11,078 Cambourne
36%
W 13,823 Whittlesey
27%
No matching quizzes found
Score Distribution
Percent of People with Each Score
Percentile by Number Answered
Your Score History
You have not taken this quiz